Normal view
MARC view
- Coleman, David D
Entry Personal Name
001 - CONTROL NUMBER
- control field: 101179
003 - CONTROL NUMBER IDENTIFIER
- control field: NUST
005 - DATE AND TIME OF LATEST TRANSACTION
- control field: 20221024100516.0
008 - FIXED-LENGTH DATA ELEMENTS
- fixed length control field: 221024|| aca||aabn | a|a d
040 ## - CATALOGING SOURCE
- Original cataloging agency: NUST
- Transcribing agency: NUST
100 ## - HEADING--PERSONAL NAME
- Personal name: Coleman, David D
670 ## - SOURCE DATA FOUND
- Source citation: Work cat.: (NUST)189296: CWSP :, c2010.
